Music in western civilization
Saved in:
| Main Author: | |
|---|---|
| Format: | Book |
| Language: | English |
| Published: |
New York :
W.W. Norton,
1969
|
| Subjects: | |
| Tags: |
Add Tag
No Tags, Be the first to tag this record!
|
MARC
| LEADER | 00000nam a2200000 i 4500 | ||
|---|---|---|---|
| 001 | 1/75462 | ||
| 008 | 960730s1969 eng d | ||
| 020 | |a 0-393-09428-6 | ||
| 035 | |a 1987 |c Αγορά |l 10032132 | ||
| 040 | |a GR-MY-UA |b gre |e aacr | ||
| 041 | 0 | |a eng | |
| 082 | 0 | |a 780.9 | |
| 100 | 1 | |a Lang, Paul Henry |d 1901- | |
| 245 | 1 | 0 | |a Music in western civilization / |c Paul Henry Lang |
| 260 | |a New York : |b W.W. Norton, |c 1969 | ||
| 300 | |a 1107 p. | ||
| 650 | 0 | 0 | |a Music |x History and criticism. |
| 852 | |a INST |b RHODES |e 19960730 |h 780.9 LAN |p 005400007049 |q 005400007049 |t BK |y 0 | ||
| 909 | |a Ρ |b 010205 |c 1987 | ||